000 01039nam a2200229Ia 4500
001 282.082 092-MON an do (11795)
003 IT-MiSPE
008 171229s9999||||xx |||||||||||||| ||und||
040 _aIT-MiSPE
_cIT-MiSPE
041 _aITALIANO
100 _aAngelo Montonati
245 0 _aIl dottor carità
_bFra' Riccaro Pampuri dei Fatebenefratelli
250 _a1a ed. (v)
260 _aMilano
_bFatebenefratelli
_c1989
300 _a143 p.
_c19 cm
500 _aPampuri, Riccardo, beato
501 _aEdizioni San Paolo srl - Piazza Soncino, 5 - 20092 CINISELLO BALSAMO (MI) (non commercial uses only) ® Copyright 2018
520 _aTav.
942 _cBK
957 _71
999 _a16466
_bNO
_g Copie: 1
_c349129
_d349129